Fair rents - quantification of scarcity and `working through` (Record no. 49065)
[ view plain ]
| 000 -LEADER | |
|---|---|
| fixed length control field | 01578cab a2200349 4500 |
| 001 - CONTROL NUMBER | |
| control field | ABS56910 |
| 008 - FIXED-LENGTH DATA ELEMENTS--GENERAL INFORMATION | |
| fixed length control field | 090401t1997 xxu||||| |||| 00| 0 eng d |
| 035 ## - SYSTEM CONTROL NUMBER | |
| System control number | (Sirsi) u78005 |
| 041 ## - LANGUAGE CODE | |
| Language code of text/sound track or separate title | eng |
| 100 ## - MAIN ENTRY--PERSONAL NAME | |
| Personal name | Willan, P. N. di C. |
| 245 ## - TITLE STATEMENT | |
| Title | Fair rents - quantification of scarcity and `working through` |
| 260 ## - PUBLICATION, DISTRIBUTION, ETC. | |
| Date of publication, distribution, etc. | 1997 |
| 350 ## - PRICE (NR) (BK AM CF MU VM SE) [OBSOLETE] | |
| Price | 0 |
| 490 ## - SERIES STATEMENT | |
| Series statement | Journal of the Institute of Rating Officers |
| Volume/sequential designation | 28(1) April 1997, 5-8(4) |
| 520 ## - SUMMARY, ETC. | |
| Summary, etc. | Discusses recent cases concerning fair rents and the quantification of scarcity, following the decision in "Spath Holme v Greater Manchester and Lancashire Rent Assessment Committee". Outlines the best way to quantify scarcity. |
| 650 ## - SUBJECT ADDED ENTRY--TOPICAL TERM | |
| Topical term or geographic name entry element | COMPARABLES |
| 650 ## - SUBJECT ADDED ENTRY--TOPICAL TERM | |
| Topical term or geographic name entry element | CURTIS AND ANOTHER V LONDON RENT ASSESSMENT COMMITTEE |
| 650 ## - SUBJECT ADDED ENTRY--TOPICAL TERM | |
| Topical term or geographic name entry element | FAIR RENTS |
| 650 ## - SUBJECT ADDED ENTRY--TOPICAL TERM | |
| Topical term or geographic name entry element | NORTHUMBERLAND AND DURHAM PROPERTY TRUST LTD V LONDON RENT ASSESSMENT COMMITTEE AND BORKOWSKI |
| 650 ## - SUBJECT ADDED ENTRY--TOPICAL TERM | |
| Topical term or geographic name entry element | NORTHUMBERLAND AND DURHAM PROPERTY TRUST LTD V LONDON RENT ASSESSMENT COMMITTEE AND BULLOCK |
| 650 ## - SUBJECT ADDED ENTRY--TOPICAL TERM | |
| Topical term or geographic name entry element | NORTHUMBERLAND AND DURHAM PROPERTY TRUST LTD V LONDON RENT ASSESSMENT COMMITTEE AND COWDERY AND ANOTHER |
| 650 ## - SUBJECT ADDED ENTRY--TOPICAL TERM | |
| Topical term or geographic name entry element | OPEN MARKET RENTS |
| 650 ## - SUBJECT ADDED ENTRY--TOPICAL TERM | |
| Topical term or geographic name entry element | QUANTIFICATION OF SCARCITY |
| 650 ## - SUBJECT ADDED ENTRY--TOPICAL TERM | |
| Topical term or geographic name entry element | R V LONDON RENT ASSESSMENT COMMITTEE EX P WELLS |
| 650 ## - SUBJECT ADDED ENTRY--TOPICAL TERM | |
| Topical term or geographic name entry element | RALSTON V EAST MIDLANDS RAC AND PLUMMER |
| 650 ## - SUBJECT ADDED ENTRY--TOPICAL TERM | |
| Topical term or geographic name entry element | RENT ACT 1977 S70(2) |
| 650 ## - SUBJECT ADDED ENTRY--TOPICAL TERM | |
| Topical term or geographic name entry element | RENT ASSESSMENT COMMITTEE |
| 650 ## - SUBJECT ADDED ENTRY--TOPICAL TERM | |
| Topical term or geographic name entry element | SPATH HOLME LTD V GREATER MANCHESTER AND LANCASHIRE RENT ASSESSMENT COMMITTEE |
| 690 ## - LOCAL SUBJECT ADDED ENTRY--TOPICAL TERM (OCLC, RLIN) | |
| Topical term or geographic name as entry element | RATING AND VALUATION |
| 942 ## - ADDED ENTRY ELEMENTS (KOHA) | |
| Suppress in OPAC | 0 |
| 948 ## - LOCAL PROCESSING INFORMATION (OCLC); SERIES PART DESIGNATOR (RLIN) | |
| c (OCLC) | 28/04/1997 |
| Withdrawn status | Lost status | Source of classification or shelving scheme | Damaged status | Not for loan | Home library | Current library | Shelving location | Date acquired | Total Checkouts | Full call number | Barcode | Date last seen | Copy number | Price effective from | Koha item type |
|---|---|---|---|---|---|---|---|---|---|---|---|---|---|---|---|
| Dewey Decimal Classification | London | London | Journal article | 14/09/1999 | ABS56910 | 78005-1001 | 06/08/2019 | 1 | 06/08/2019 | Journal article |